00000000nam 2200000zi 4500
0019.914185
003CaOODSP
00520250507143434
006m     o  d f      
007cr cn|||||||||
008220805e20220805onca    ob   f000 0 eng d
020 |a9780660449166
040 |aCaOODSP|beng|erda|cCaOODSP
043 |an-cn---
0861 |aD97-4/10-096-2022E-PDF
24500|aTop 10 IT security actions : |bno. 2 patch operating systems and applications.
264 1|a[Ottawa] : |bCommunications Security Establishment = Centre de la sécurité des telecommunications, |cAugust 5, 2022.
300 |a1 online resource (20 pages, 4 unnumbered pages) : |bcolour illustrations.
336 |atext|btxt|2rdacontent
337 |acomputer|bc|2rdamedia
338 |aonline resource|bcr|2rdacarrier
4901 |aManagement ; |vITSM.10.096
500 |aIssued also in French under title: Les 10 mesures de sécurité des TI : n° 2, appliquer les correctifs aux systèmes d'exploitation et aux applications.
500 |a"Unclassified / Non classifié."
500 |a"Canadian Centre for Cyber Security."
500 |aIssued also in HTML format.
504 |aIncludes bibliographical references (page 20).
520 |a"This document provides guidance on best practices when performing patching to your operating systems (OS) and applications. Patching, which includes the actions to test, manage changes, and implement updates and patches, reduces your organization's exposure to threats that could exploit publicly known vulnerabilities and compromise your networks, systems, and IT assets. This guidance is based on the advice in ITSM.10.089 and the security controls listed in Annex 3A of ITSG-33"--Introduction, page 6.
650 0|aOperating systems (Computers)|xSecurity measures|zCanada.
650 0|aApplication software|xSecurity measures|zCanada.
650 0|aComputer crimes|zCanada|xPrevention.
7102 |aCommunications Security Establishment (Canada), |eissuing body.
7102 |aCanadian Centre for Cyber Security, |eissuing body.
77508|tLes 10 mesures de sécurité des TI : |w(CaOODSP)9.914184
830#0|aManagement series (Communications Security Establishment (Canada))|vITSM.10.096.|w(CaOODSP)9.842856
85640|qPDF|s685 KB|uhttps://publications.gc.ca/collections/collection_2022/cstc-csec/D97-4-10-096-2022-eng.pdf
8564 |qHTML|sN/A|uhttps://cyber.gc.ca/en/guidance/top-10-it-security-action-items-no2-patch-operating-systems-and-applications-itsm10096